00423nam a2200145Ia 4500008004100000041000900041082001300050100002300063245003200086260003600118300000800154650000800162999001700170952009000187230718s9999 xx 000 0 und d aEng. a"bHAI-T aHaider, Syed Afzal 4aThe Trusts Act (No.11) 1821 aPakistanbKausal brothersc2007 a120 aLaw c27949d27949 00104070aSIRC-LbSIRC-Ld2023-07-18l0o" HAI-Tp22901r2023-07-18w2023-07-18yBK